Биографические вариации (Запись № 12037702)

Подробности
000 -МАРКЕР
контрольное поле 01468nam0a2200325 4500
001 - ИДЕНТИФИКАТОР ЗАПИСИ
контрольное поле RU\NLR\BIBL_A\011837208
005 - ИДЕНТИФИКАТОР ВЕРСИИ
контрольное поле 20181217170943.0
010 ## - МЕЖДУНАРОДНЫЙ СТАНДАРТНЫЙ НОМЕР КНИГИ (ISBN)
Номер (ISBN) 978-5-4386-1453-1
021 ## - НОМЕР ГОСУДАРСТВЕННОЙ РЕГИСТРАЦИИ
Код страны Российская Федерация
Номер КН-П-18-072783
Номер Листа государственной регистраци КН-П-18-5252
035 ## - ДРУГИЕ СИСТЕМНЫЕ НОМЕРА
Идентификатор записи (NLR Aleph) 011837208
035 ## - ДРУГИЕ СИСТЕМНЫЕ НОМЕРА
Идентификатор записи (RuMoRGB)009757437
100 ## - ДАННЫЕ ОБЩЕЙ ОБРАБОТКИ
Данные общей обработки 20181024d2017 k y0rusy50 ca
101 0# - ЯЗЫК РЕСУРСА
Язык текста, звукозаписи и т.д. русский
102 ## - СТРАНА ПУБЛИКАЦИИ ИЛИ ПРОИЗВОДСТВА
Страна публикации Российская Федерация
105 ## - ПОЛЕ КОДИРОВАННЫХ ДАННЫХ: ТЕКСТОВЫЕ МАТЕРИАЛЫ, МОНОГРАФИЧЕСКИЕ
Кодированные данные о монографическом текстовом документе ac||z|||000zd
200 1# - ЗАГЛАВИЕ И СВЕДЕНИЯ ОБ ОТВЕТСТВЕННОСТИ
Основное заглавие Биографические вариации
Первые сведения об ответственности Елена Сидорова
210 ## - ПУБЛИКАЦИЯ, РАСПРОСТРАНЕНИЕ И ДР.
Место издания, распространения и т.д. Санкт-Петербург
Имя издателя, распространителя и т. д. Свое издательство
Дата издания, распространения и т.д. 2017
215 ## - ФИЗИЧЕСКАЯ ХАРАКТЕРИСТИКА
Специфическое обозначение материала и объем 94 с.
Другие сведения о физической характеристике ил., портр.
Размеры 22
300 ## - ОБЩИЕ ПРИМЕЧАНИЯ
Текст примечания На обороте тит. л. авт.: Елена Сидорова - балерина, актриса, хореограф-постановщик
600 #1 - ИМЯ ЛИЦА КАК ПРЕДМЕТ
Начальный элемент ввода Сидорова
Часть имени, кроме начального элемента ввода Е.Ю.
Расширение инициалов личного имени Елена Юрьевна
Формальный подзаголовок Воспоминания, записки и т.п
Системный номер авторитетной/нормативной записи 2218372
Идентификатор авторитетной/нормативной записи RU\NLR\AUTH\6601565565
606 1# - НАИМЕНОВАНИЕ ТЕМЫ КАК ПРЕДМЕТ
Наименование темы Музыкальный театр
Формальный подзаголовок Воспоминания, записки и т.п
Географический подзаголовок СССР
Системный номер авторитетной/нормативной записи 1709746
Идентификатор авторитетной/нормативной записи RU\NLR\AUTH\66761897
686 1# - ИНДЕКСЫ ДРУГИХ КЛАССИФИКАЦИЙ
Индекс Щ335.423(2Р=Рус)7-86Сидорова
686 1# - ИНДЕКСЫ ДРУГИХ КЛАССИФИКАЦИЙ
Индекс Щ335.3(2Р)7
700 #1 - ИМЯ ЛИЦА - ПЕРВИЧНАЯ ОТВЕТСТВЕННОСТЬ
Начальный элемент ввода Сидорова
Часть имени, кроме начального элемента ввода Е. Ю.
Дополнения к именам, кроме дат балерина, писатель
Расширение инициалов личного имени Елена Юрьевна
Системный номер авторитетной/нормативной записи 140993
Идентификатор авторитетной/нормативной записи RU\NLR\AUTH\770141029
942 ## - ДОПОЛНИТЕЛЬНЫЕ ЭЛЕМЕНТЫ ЗАПИСИ (АБИС)
Тип экземпляра АБИС Книга
980 ## - КОЛЛЕКЦИЯ
Название коллекции НБР
980 ## - КОЛЛЕКЦИЯ
Название коллекции Национальная библиография

Нет доступных экземпляров.